000
00226 a2200097 4500
001
14358
100
_a
Anderzeiwsekis
245
_a
Military organization society
260
_a
London
_b
Routledge Kegan
_c
090
_c
11257
_d
11257
942
_a
NUST-CAE
_c
M
_c
1400
999
_c
249431
_d
249431